Statistics for US States With The Most Salvadorans

Click here to take the quiz!

General Stats

  • This quiz has been taken 43 times
  • The average score is 12 of 15

Answer Stats

# of SalvadoransState% Correct
573,956California
100%
222,599Texas
100%
32,107Georgia
98%
55,144Florida
95%
152,130New York
90%
14,217Illinois
86%
56,532New Jersey
86%
123,789Maryland
81%
12,637Washington
81%
12,329Colorado
79%
43,400Massachusetts
79%
123,800Virginia
79%
30,043Nevada
76%
37,778North Carolina
76%
14,980Arkansas
36%

Score Distribution

Percentile by Number Answered

Percent of People with Each Score

Your Score History

You have not taken this quiz